000 01089cam a22003497a 4500
999 _c533463
_d533463
001 16176813
003 Nust
005 20200106122011.0
008 100408s2009 enk 000 1 eng
010 _a 2010398442
015 _aGBA924829
_2bnb
016 7 _a014926040
_2Uk
020 _a9780330456777
035 _a(OCoLC)ocn315072106
038 _aMSOHAIL
040 _aUKM
_cUKM
_dBTCTA
_dOCLCQ
_dBWKUK
_dVP@
_dOCLCQ
_dYDXCP
_dDLC
042 _alccopycat
043 _ae-uk-en
050 0 0 _aPR6060.A472
_bD44 2009
082 0 4 _a823.914
_bJAM
100 1 _aJames, Peter,
_d1948-
_927360
245 1 0 _aDead tomorrow /
_cPeter James.
260 _aLondon :
_bMacmillan,
_c2009.
300 _a661 p. ;
_c24 cm.
650 0 _aGrace, Roy (Fictitious character)
_vFiction.
_927361
650 0 _aPolice
_zBrighton (England)
_vFiction.
_927362
650 0 _aOrgan trafficking
_vFiction.
_927363
655 0 _aDetective and mystery stories.
_92977
906 _a7
_bcbc
_ccopycat
_d2
_encip
_f20
_gy-gencatlg
942 _2ddc
_cBK